| 000 | 00317nam a22001217a 4500 | ||
|---|---|---|---|
| 020 | _a9788189729943 | ||
| 082 |
_a664.02 _bKAV/FO |
||
| 100 |
_aKavita Marwaha _9380 |
||
| 245 | _aFood Process Engineering: Theory and Laboratory Experiments | ||
| 260 |
_aNew Delhi _bGene-Tech Books _c2010 |
||
| 300 | _a272 | ||
| 942 | _cBK | ||
| 999 |
_c13817 _d13817 |
||